[Event "Florianopolis op 9th"]
[Site "Florianopolis"]
[Date "2023.01.23"]
[Round "1"]
[White "Da Costa, Evelyn Maria Fuck"]
[Black "Kazuhiro Shikasho, Erik"]
[Result "0-1"]
[WhiteElo "1220"]
[BlackElo "1886"]
[PlyCount "62"]
[EventDate "2023.01.23"]
[EventType "swiss"]
[EventRounds "10"]
[EventCountry "BRA"]
[SourceTitle "CBM 212 Extra"]
[Source "ChessBase"]
[SourceDate "2023.03.31"]
[SourceVersion "1"]
[SourceVersionDate "2023.03.31"]
[SourceQuality "1"]

1. d4 Nf6 2. c4 g6 3. Nc3 Bg7 4. e4 d6 5. Bd3 Nc6 6. Nge2 e5 7. Bc2 0-0 8. h3 exd4 9. Nd5 Nxd5 10. cxd5 Nb4 11. Ba4 Qh4 12. Ng3 Na6 13. 0-0 Nc5 14. Re1 Bd7 15. Bxd7 Nxd7 16. Qb3 Nc5 17. Qf3 d3 18. Rb1 a5 19. Be3 Na4 20. Bc1 Rfe8 21. Qxd3 Re7 22. Qc4 Nc5 23. b3 Rae8 24. Ba3 Nxe4 25. Nxe4 Rxe4 26. Rxe4 Qxe4 27. Qxc7 Qxb1+ 28. Kh2 Be5+ 29. g3 Qxa2 30. Bxd6 Qxf2+ 31. Kh1 Bxd6 0-1

[Event "Florianopolis Autumn op U1800"]
[Site "Florianopolis"]
[Date "2022.05.15"]
[Round "5"]
[White "Da Costa, Evelyn Maria Fuck"]
[Black "Dos Santos, Gabriel Conte"]
[Result "1-0"]
[WhiteElo "1258"]
[BlackElo "1611"]
[PlyCount "71"]
[EventDate "2022.05.13"]
[EventType "swiss"]
[EventRounds "6"]
[EventCountry "BRA"]
[SourceTitle "CBM 208 Extra"]
[Source "ChessBase"]
[SourceDate "2022.07.31"]
[SourceVersion "1"]
[SourceVersionDate "2022.07.31"]
[SourceQuality "1"]

1. d4 d5 2. c4 e6 3. Nc3 Nf6 4. Bg5 Bb4 5. a3 Bxc3+ 6. bxc3 h6 7. Bh4 Nc6 8. e3 e5 9. Bxf6 Qxf6 10. cxd5 Ne7 11. Bb5+ c6 12. dxc6 Nxc6 13. d5 a6 14. Qa4 Rb8 15. dxc6 axb5 16. Qxb5 0-0 17. Ne2 e4 18. 0-0 Bg4 19. Nd4 bxc6 20. Qxc6 Qxc6 21. Nxc6 Rb6 22. Nd4 Rc8 23. Rfc1 Rg6 24. Kf1 Be6 25. Nxe6 fxe6 26. c4 Rg5 27. Rc3 Rgc5 28. Rac1 Kf7 29. Ke2 Ke7 30. R1c2 Kd6 31. Kd1 R8c6 32. Kc1 e5 33. Kb2 Rb6+ 34. Rb3 Rxb3+ 35. Kxb3 Rc6 36. a4 1-0

[Event "Santa Catarina-ch U18 Girls"]
[Site "Blumenau"]
[Date "2022.03.26"]
[Round "2"]
[White "Da Costa, Evelyn Maria Fuck"]
[Black "Viliczinski, Maria Luiza"]
[Result "1-0"]
[WhiteElo "1293"]
[BlackElo "1036"]
[PlyCount "53"]
[EventDate "2022.03.25"]
[EventType "swiss"]
[EventRounds "6"]
[EventCountry "BRA"]
[SourceTitle "EXT 2023"]
[Source "ChessBase"]
[SourceDate "2022.10.05"]
[SourceVersion "1"]
[SourceVersionDate "2022.10.05"]
[SourceQuality "1"]

1. d4 d5 2. c4 e6 3. Nc3 Nf6 4. Bg5 Be7 5. e3 0-0 6. cxd5 exd5 7. Nf3 h6 8. Bh4 Nc6 9. Bd3 Bd6 10. 0-0 Re8 11. Bxf6 Qxf6 12. Nxd5 Qd8 13. Nc3 Be6 14. d5 Bd7 15. dxc6 Bxc6 16. Bb5 Bxb5 17. Nxb5 Be7 18. Qxd8 Raxd8 19. Nxc7 Rf8 20. Rfd1 Rxd1+ 21. Rxd1 Bd8 22. Rc1 Re8 23. Nxe8 Kf8 24. Nd6 Be7 25. Rc8+ Bd8 26. Rxd8+ Ke7 27. Nxb7 1-0

[Event "Timbo op 2nd"]
[Site "Timbo"]
[Date "2022.02.20"]
[Round "6"]
[White "Da Costa, Evelyn Maria Fuck"]
[Black "Wiltner, Camille Christina A"]
[Result "1/2-1/2"]
[WhiteElo "1227"]
[BlackElo "1410"]
[PlyCount "66"]
[EventDate "2022.02.17"]
[EventType "swiss"]
[EventRounds "7"]
[EventCountry "BRA"]
[SourceTitle "EXT 2023"]
[Source "ChessBase"]
[SourceDate "2022.10.05"]
[SourceVersion "1"]
[SourceVersionDate "2022.10.05"]
[SourceQuality "1"]

1. d4 f5 2. Nf3 Nf6 3. Bf4 b6 4. e3 Bb7 5. Bd3 e6 6. 0-0 Be7 7. h3 0-0 8. Nbd2 a5 9. Re1 Ne4 10. c3 Na6 11. Qc2 Nxd2 12. Nxd2 Bg5 13. Bg3 h6 14. Be2 f4 15. exf4 Bxf4 16. Bxf4 Rxf4 17. Bf3 Bxf3 18. Nxf3 Qf6 19. Ne5 d6 20. Ng4 Qf7 21. Re2 h5 22. Nh2 c6 23. Nf3 Rf5 24. Qb3 Rb5 25. Qxe6 Qxe6 26. Rxe6 Rxb2 27. Rxd6 Rc8 28. Re6 Nb8 29. Ng5 Kf8 30. a4 Rb3 31. Re3 Re8 32. Nh7+ Kf7 33. Ng5+ Kf8 1/2-1/2

[Event "Florianopolis op 8th"]
[Site "Florianopolis"]
[Date "2022.01.25"]
[Round "2"]
[White "De Souza, Sergio R Rastoldo"]
[Black "Da Costa, Evelyn Maria Fuck"]
[Result "1-0"]
[WhiteElo "1910"]
[BlackElo "1227"]
[PlyCount "59"]
[EventDate "2022.01.24"]
[EventType "swiss"]
[EventRounds "10"]
[EventCountry "BRA"]
[SourceTitle "CBM 206 Extra"]
[Source "ChessBase"]
[SourceDate "2022.03.31"]
[SourceVersion "1"]
[SourceVersionDate "2022.03.31"]
[SourceQuality "1"]

1. e4 e5 2. Nf3 Nc6 3. d4 exd4 4. Bc4 d6 5. Nxd4 Nf6 6. Nc3 Be7 7. 0-0 0-0 8. Re1 Bg4 9. f3 Nxd4 10. Qxd4 Be6 11. Nd5 Nxd5 12. exd5 Bf5 13. Bd3 Qd7 14. Bxf5 Qxf5 15. Rxe7 Qxc2 16. Bd2 Rfe8 17. Rc1 Qxc1+ 18. Bxc1 Rxe7 19. Bd2 a6 20. Bc3 f6 21. g4 Rae8 22. Kf2 Kf7 23. g5 Re5 24. gxf6 gxf6 25. Qh4 Re2+ 26. Kf1 R8e7 27. Qxh7+ Ke8 28. Qh8+ Kd7 29. Bxf6 Re8 30. Qh3+ 1-0

[Event "Pan American-ch U1700"]
[Site "Timbo"]
[Date "2021.12.02"]
[Round "4"]
[White "Bozzano, Enio Jr"]
[Black "Da Costa, Evelyn Maria Fuck"]
[Result "1-0"]
[WhiteElo "1933"]
[BlackElo "1239"]
[PlyCount "49"]
[EventDate "2021.12.01"]
[EventType "swiss"]
[EventRounds "9"]
[EventCountry "BRA"]
[SourceTitle "CBM 205 Extra"]
[Source "ChessBase"]
[SourceDate "2022.01.31"]
[SourceVersion "1"]
[SourceVersionDate "2022.01.31"]
[SourceQuality "1"]

1. d4 d5 2. Bf4 Nf6 3. Nc3 e6 4. Qd2 c5 5. Nb5 Na6 6. f3 Qb6 7. e3 Bd7 8. a4 c4 9. Nc3 Bb4 10. Nge2 0-0 11. g4 Qa5 12. Qc1 Bc6 13. h4 Qd8 14. h5 Bd6 15. g5 Ne8 16. e4 Bxf4 17. Qxf4 Nd6 18. e5 Nf5 19. Bh3 Bd7 20. Bxf5 exf5 21. Nxd5 Bxa4 22. Nf6+ gxf6 23. gxf6 Bd7 24. Qg5+ Kh8 25. Qg7# 1-0

[Event "Pan American-ch U1700"]
[Site "Timbo"]
[Date "2021.12.02"]
[Round "3"]
[White "Da Costa, Evelyn Maria Fuck"]
[Black "Andrade, Moacir Belarmino F"]
[Result "0-1"]
[WhiteElo "1239"]
[BlackElo "1540"]
[PlyCount "104"]
[EventDate "2021.12.01"]
[EventType "swiss"]
[EventRounds "9"]
[EventCountry "BRA"]
[SourceTitle "CBM 205 Extra"]
[Source "ChessBase"]
[SourceDate "2022.01.31"]
[SourceVersion "1"]
[SourceVersionDate "2022.01.31"]
[SourceQuality "1"]

1. d4 d5 2. Nf3 Nf6 3. Bf4 e6 4. e3 Be7 5. h3 0-0 6. Bd3 Nbd7 7. Nbd2 c5 8. c3 c4 9. Bc2 Nh5 10. Bh2 g6 11. 0-0 f5 12. Ne5 Nhf6 13. b3 Nxe5 14. Bxe5 b5 15. a4 Bd7 16. axb5 Bxb5 17. bxc4 dxc4 18. Ba4 a6 19. Qf3 Qd5 20. Rfb1 Qxf3 21. Nxf3 Ne4 22. Bxb5 axb5 23. Rxa8 Rxa8 24. Rxb5 Nxc3 25. Rb6 Rc8 26. Rb2 Nd5 27. Rc2 c3 28. Ne1 Ra8 29. f3 Ra3 30. Kf2 Nb4 31. Rc1 Ra2+ 32. Kf1 Nd5 33. Bf4 Bb4 34. Nc2 Ba5 35. Ke2 Nb4 36. Kd1 Nd3 37. Ra1 Nf2+ 38. Kc1 Nd3+ 39. Kd1 Nf2+ 40. Kc1 Rxa1+ 41. Nxa1 Nd3+ 42. Kc2 Ne1+ 43. Kc1 Nxg2 44. Bg5 Ne1 45. Nb3 Nxf3 46. Bf6 Kf7 47. Nxa5 Kxf6 48. Kc2 g5 49. Nc4 Ng1 50. Ne5 Nxh3 51. Nd3 g4 52. Nf4 Nxf4 0-1

[Event "Rio Negrinho Froebel op"]
[Site "Rio Negrinho"]
[Date "2021.07.10"]
[Round "3"]
[White "Figueiredo, Oneide De Souza"]
[Black "Da Costa, Evelyn Maria Fuck"]
[Result "0-1"]
[WhiteElo "1372"]
[BlackElo "1171"]
[PlyCount "92"]
[EventDate "2021.07.09"]
[EventType "swiss"]
[EventRounds "6"]
[EventCountry "BRA"]
[SourceTitle "EXT 2022"]
[Source "ChessBase"]
[SourceDate "2021.10.06"]
[SourceVersion "1"]
[SourceVersionDate "2021.10.06"]
[SourceQuality "1"]

1. e4 e5 2. Nf3 Nc6 3. Bc4 Nf6 4. Nc3 Bc5 5. 0-0 d6 6. h3 Be6 7. Bxe6 fxe6 8. d3 0-0 9. Ng5 Qd7 10. Na4 Bb6 11. Nxb6 axb6 12. a3 h6 13. Nf3 b5 14. c3 b4 15. cxb4 Nxb4 16. Be3 Nc6 17. Qb3 Ne7 18. Nh4 d5 19. f3 g5 20. Bf2 gxh4 21. Bxh4 c6 22. Bg3 Ng6 23. Qd1 Kh7 24. d4 exd4 25. Qxd4 Qg7 26. exd5 exd5 27. Qd3 Kh8 28. Bf2 Nf4 29. g4 Nxd3 30. Bd4 c5 31. Bc3 d4 32. Bd2 Nd5 33. Kh2 Qe5+ 34. Kg2 Ne3+ 35. Bxe3 dxe3 36. Rad1 e2 37. Rxd3 exf1Q+ 38. Kxf1 Rad8 39. Rc3 Qxc3 40. bxc3 Rxf3+ 41. Kg2 Rdd3 42. h4 Rxc3 43. a4 Ra3 44. g5 Rfb3 45. g6 Rb2+ 46. Kg1 Ra1# 0-1